000
00312nam a2200133Ia 4500
005
20260328101520.0
008
260328s9999||||xx |||||||||||||| ||und||
100
_a
Merle, Pierre
245
0
_a
L' Homme et la verticale /
_c
Pierre Merle
260
_b
La Colombe
300
_a
212 p.
650
_a
ARTE
942
_c
BK
999
_c
9569
_d
9569